000
00449nam a2200145Ia 4500
008
100204s9999 xx 000 0 und d
082
_b
18356
100
_a
देव मंजीरी
245
_a
नृत्यसौरभ
260
_b
"मंजीजी श्रीराम देव , ठाणे"
_c
1994
300
_a
346
630
_a
नृत्यसौरभ
730
_a
नृत्यसौरभ
942
_c
BOOK
999
_c
462779
_d
462776